[Event "BCF-chT 2122 (4NCL)"]
[Site "England"]
[Date "2021.11.27"]
[Round "1.75"]
[White "Snape, Ian L"]
[Black "Fitzsimons, David"]
[Result "1/2-1/2"]
[WhiteElo "2127"]
[BlackElo "2337"]
[PlyCount "73"]
[EventDate "2021.11.27"]
[EventType "team-swiss"]
[EventRounds "11"]
[EventCountry "ENG"]
[SourceTitle "EXT 2023"]
[Source "ChessBase"]
[SourceDate "2022.10.05"]
[SourceVersion "1"]
[SourceVersionDate "2022.10.05"]
[SourceQuality "1"]
[WhiteTeam "The ADS"]
[BlackTeam "Wood Green Youth"]
[WhiteTeamCountry "ENG"]
[BlackTeamCountry "ENG"]

1. c4 c6 2. d4 d5 3. Nf3 Nf6 4. Nc3 dxc4 5. e3 b5 6. a4 b4 7. Na2 e6 8. Bxc4 Nbd7 9. 0-0 Bb7 10. Qe2 c5 11. Bd2 a5 12. Rfd1 Qb6 13. Nc1 Rc8 14. Nb3 cxd4 15. Bb5 Bd5 16. Nbxd4 Bd6 17. e4 Nxe4 18. Be3 Qb7 19. Ba6 Qa8 20. Bxc8 Qxc8 21. Rac1 Qd8 22. Qb5 0-0 23. Nc6 Qf6 24. Rxd5 exd5 25. Qxd5 Re8 26. Nxa5 Qxb2 27. Nc4 Qa2 28. Qc6 Ndf6 29. Nxd6 Nxd6 30. Qxd6 b3 31. Bd4 b2 32. Bxb2 Qxb2 33. Qc6 h6 34. Qc2 Qa3 35. h3 Re4 36. Rd1 Qxa4 37. Rd8+ 1/2-1/2

[Event "BCF-chT2a 1819 (4NCL)"]
[Site "England"]
[Date "2019.02.10"]
[Round "6.16"]
[White "Jackson, Sheila"]
[Black "Snape, Ian L"]
[Result "1/2-1/2"]
[WhiteElo "2058"]
[BlackElo "2170"]
[PlyCount "108"]
[EventDate "2018.11.10"]
[EventType "team-tourn"]
[EventRounds "11"]
[EventCountry "ENG"]
[SourceTitle "EXT 2021"]
[Source "ChessBase"]
[SourceDate "2020.10.23"]
[SourceVersion "1"]
[SourceVersionDate "2020.10.23"]
[SourceQuality "1"]
[WhiteTeam "Spirit of Atticus"]
[BlackTeam "The ADS"]
[WhiteTeamCountry "ENG"]
[BlackTeamCountry "ENG"]

1. Nf3 Nf6 2. c4 c6 3. Nc3 d5 4. cxd5 cxd5 5. d4 Nc6 6. Bf4 a6 7. e3 Bg4 8. Be2 Bxf3 9. Bxf3 e6 10. 0-0 Bd6 11. Bxd6 Qxd6 12. Rc1 0-0 13. a3 Rfd8 14. Na4 Na5 15. b4 Nc4 16. Nc5 Qb6 17. Qd3 Nd6 18. Rb1 Qb5 19. Be2 Nfe4 20. Rfc1 Qxd3 21. Bxd3 Nd2 22. Rb2 N2c4 23. Rb3 b6 24. Na4 b5 25. Nc5 a5 26. a4 Nd2 27. Rb2 N6c4 28. Bxc4 Nxc4 29. Rbb1 bxa4 30. Nxa4 axb4 31. Rxb4 g6 32. g3 Rdb8 33. Rcb1 Rxb4 34. Rxb4 Nd2 35. Kg2 h5 36. h4 Kg7 37. f3 Ra7 38. Kf2 Rc7 39. Nc5 Nc4 40. Rb7 Rxb7 41. Nxb7 Kf8 42. Nc5 Ke7 43. Nd3 f6 44. Nf4 Kf7 45. e4 dxe4 46. fxe4 e5 47. dxe5 Nxe5 48. Ke3 Nc6 49. Kd3 Ne5+ 50. Kd4 Ng4 51. Kd5 Ne3+ 52. Kd6 Nf1 53. Ne2 Nd2 54. Kd5 Nf1 1/2-1/2

[Event "Hastings Masters op 94th"]
[Site "Hastings"]
[Date "2019.01.01"]
[Round "5"]
[White "Snape, Ian L"]
[Black "Fryer, David William"]
[Result "1-0"]
[WhiteElo "2110"]
[BlackElo "1932"]
[PlyCount "81"]
[EventDate "2018.12.28"]
[EventType "swiss"]
[EventRounds "10"]
[EventCountry "ENG"]
[SourceTitle "CBM 188 Extra"]
[Source "ChessBase"]
[SourceDate "2019.02.26"]
[SourceVersion "1"]
[SourceVersionDate "2019.02.26"]
[SourceQuality "1"]

1. c4 e6 2. g3 Nf6 3. Bg2 d5 4. Nf3 dxc4 5. Qc2 b5 6. a4 c6 7. axb5 Qb6 8. Qxc4 Bb7 9. Nc3 Be7 10. d3 0-0 11. 0-0 a6 12. bxc6 Nxc6 13. Be3 Qd8 14. Bc5 Qd7 15. Na4 Rab8 16. Bxe7 Qxe7 17. Nc5 Ba8 18. Rxa6 Rxb2 19. Rfa1 Rb4 20. Qc1 Nd4 21. Nxd4 Bxg2 22. Kxg2 Rxd4 23. Qc3 Rd5 24. Rc6 h6 25. Rb1 Qa7 26. e4 Rdd8 27. Ra6 Qe7 28. Rb7 Qe8 29. d4 Ra8 30. Rab6 Rd8 31. h3 Nd7 32. Rd6 Nxc5 33. Rxd8 Qxd8 34. dxc5 Qf6 35. Qxf6 gxf6 36. Kf3 Rc8 37. Rb5 Kg7 38. Ke3 e5 39. Kd3 Kg6 40. Kc4 Kg5 41. Rb7 1-0

[Event "BCF-chT1d 1718 (4NCL) Demotion pool"]
[Site "England"]
[Date "2018.05.07"]
[Round "11.85"]
[White "Snape, Ian L"]
[Black "Stanisz, Patryk"]
[Result "1-0"]
[WhiteElo "2189"]
[BlackElo "2155"]
[PlyCount "97"]
[EventDate "2017.11.11"]
[EventType "team-swiss"]
[EventRounds "11"]
[EventCountry "ENG"]
[SourceTitle "EXT 2019"]
[Source "ChessBase"]
[SourceDate "2018.10.10"]
[SourceVersion "1"]
[SourceVersionDate "2018.10.10"]
[SourceQuality "1"]
[WhiteTeam "The ADS"]
[BlackTeam "Cambridge University"]
[WhiteTeamCountry "ENG"]
[BlackTeamCountry "ENG"]

1. d4 d5 2. c4 c6 3. Nf3 Nf6 4. Nc3 e6 5. e3 Nbd7 6. Qc2 Bd6 7. Bd3 0-0 8. 0-0 dxc4 9. Bxc4 e5 10. Bd2 exd4 11. exd4 Nb6 12. Bd3 h6 13. Ne5 Bc7 14. Ne2 Nbd5 15. h3 Qe7 16. f4 Nb4 17. Bxb4 Qxb4 18. a3 Qe7 19. Bc4 Be6 20. Bxe6 Qxe6 21. Ng3 Bb6 22. Nf5 Rad8 23. Rae1 Rfe8 24. Kh2 Nd5 25. Rf3 Ne7 26. Nxg7 Kxg7 27. f5 Nxf5 28. Rxf5 f6 29. Ref1 fxe5 30. Qf2 Rd7 31. Rf6 Rde7 32. Qh4 Kg8 33. Qxh6 Qxf6 34. Rxf6 Rg7 35. Qh5 Ree7 36. Rh6 Rh7 37. Rxh7 Rxh7 38. Qe8+ Kg7 39. dxe5 Rh6 40. g4 Rg6 41. h4 Kh7 42. Qd7+ Rg7 43. Qf5+ Kg8 44. h5 Bc7 45. Kg2 Rf7 46. Qe6 Kf8 47. h6 Re7 48. Qf6+ Rf7 49. h7 1-0

[Event "BCF-chT1d 1718 (4NCL) Demotion pool"]
[Site "England"]
[Date "2018.05.05"]
[Round "9.86"]
[White "Kett, Timothy"]
[Black "Snape, Ian L"]
[Result "1-0"]
[WhiteElo "2215"]
[BlackElo "2189"]
[PlyCount "69"]
[EventDate "2017.11.11"]
[EventType "team-swiss"]
[EventRounds "11"]
[EventCountry "ENG"]
[SourceTitle "EXT 2019"]
[Source "ChessBase"]
[SourceDate "2018.10.10"]
[SourceVersion "1"]
[SourceVersionDate "2018.10.10"]
[SourceQuality "1"]
[WhiteTeam "West is Best"]
[BlackTeam "The ADS"]
[WhiteTeamCountry "ENG"]
[BlackTeamCountry "ENG"]

1. d4 c5 2. d5 g6 3. e4 d6 4. Nc3 Bg7 5. f4 a6 6. Nf3 b5 7. Be2 b4 8. Nb1 Nf6 9. Nbd2 0-0 10. 0-0 a5 11. Qe1 Na6 12. Qh4 Nc7 13. Bd3 Ba6 14. a3 Bxd3 15. cxd3 bxa3 16. Rxa3 Nb5 17. Ra1 a4 18. Nc4 Qc7 19. f5 Nd4 20. Bh6 Nxf3+ 21. Rxf3 Rfb8 22. Bxg7 Kxg7 23. Raf1 Qd8 24. g4 h6 25. fxg6 fxg6 26. g5 hxg5 27. Qxg5 Ra6 28. Rg3 Qe8 29. Ne3 Qf7 30. Rh3 Qg8 31. Nf5+ Kf8 32. Nxe7 Kxe7 33. Rxf6 Kd7 34. Rxg6 Qd8 35. Rh7+ 1-0

[Event "BCF-chT1d 1718 (4NCL) Demotion pool"]
[Site "England"]
[Date "2018.03.18"]
[Round "8.83"]
[White "Bates, Richard"]
[Black "Snape, Ian L"]
[Result "1/2-1/2"]
[WhiteElo "2397"]
[BlackElo "2189"]
[PlyCount "117"]
[EventDate "2017.11.11"]
[EventType "team-swiss"]
[EventRounds "11"]
[EventCountry "ENG"]
[SourceTitle "EXT 2019"]
[Source "ChessBase"]
[SourceDate "2018.10.10"]
[SourceVersion "1"]
[SourceVersionDate "2018.10.10"]
[SourceQuality "1"]
[WhiteTeam "Blackthorne Russia"]
[BlackTeam "The ADS"]
[WhiteTeamCountry "ENG"]
[BlackTeamCountry "ENG"]

1. d4 g6 2. g3 Bg7 3. Bg2 c5 4. d5 d6 5. Nc3 Nf6 6. e4 0-0 7. Nge2 Na6 8. 0-0 Nc7 9. a4 e6 10. dxe6 Nxe6 11. Nf4 a6 12. a5 Nd4 13. Ncd5 Be6 14. c3 Bxd5 15. Nxd5 Nxd5 16. exd5 Nb5 17. h4 Qd7 18. Bf4 Rfe8 19. Qd2 Be5 20. Rfe1 Qf5 21. Bxe5 Rxe5 22. Rxe5 Qxe5 23. Re1 Qf6 24. Qe3 Kf8 25. Qh6+ Kg8 26. h5 Nc7 27. hxg6 hxg6 28. Qh3 Rd8 29. Re3 Ne8 30. Be4 Ng7 31. Rf3 Qg5 32. Rf4 f5 33. Bf3 Re8 34. Kg2 Re1 35. Rh4 Re8 36. b4 cxb4 37. Rxb4 Re7 38. Rh4 Re8 39. Rb4 Re7 40. Rh4 Re8 41. c4 Qc1 42. Rh8+ Kf7 43. Rxe8 Nxe8 44. Qh7+ Ng7 45. Qh4 g5 46. Qd4 g4 47. Be2 Qe1 48. Qb2 Kg6 49. Qa2 Qc3 50. Qb1 Qxa5 51. Bxg4 Qc5 52. Qd3 b5 53. Bxf5+ Nxf5 54. g4 bxc4 55. Qxf5+ Kg7 56. Qd7+ Kf8 57. Qd8+ Kf7 58. Qd7+ Kf8 59. Qd8+ 1/2-1/2

[Event "Hastings Masters op 93rd"]
[Site "Hastings"]
[Date "2018.01.01"]
[Round "5"]
[White "Snape, Ian L"]
[Black "Rahulan, Thivyaa"]
[Result "1-0"]
[WhiteElo "2152"]
[BlackElo "1825"]
[PlyCount "53"]
[EventDate "2017.12.28"]
[EventType "swiss"]
[EventRounds "9"]
[EventCountry "ENG"]
[SourceTitle "CBM 182 Extra"]
[Source "ChessBase"]
[SourceDate "2018.02.23"]
[SourceVersion "1"]
[SourceVersionDate "2018.02.23"]
[SourceQuality "1"]

1. e4 c5 2. Nf3 d6 3. d4 cxd4 4. Nxd4 Nf6 5. Nc3 g6 6. Be3 Bg7 7. f3 0-0 8. Qd2 Nc6 9. Bc4 Bd7 10. h4 h5 11. 0-0-0 Rc8 12. Bb3 Ne5 13. Bh6 Rc5 14. Bxg7 Kxg7 15. Kb1 b5 16. Nd5 Nxd5 17. Bxd5 e6 18. f4 Ng4 19. Bb3 Nf6 20. Nf3 Bc6 21. e5 Nd5 22. Qd4 Kg8 23. Ng5 Ba8 24. Ne4 Rc7 25. exd6 Rd7 26. Bxd5 Bxd5 27. Nf6+ 1-0

[Event "Hastings Masters op 93rd"]
[Site "Hastings"]
[Date "2017.12.31"]
[Round "4"]
[White "Hewson, Brian Wr"]
[Black "Snape, Ian L"]
[Result "1-0"]
[WhiteElo "2007"]
[BlackElo "2152"]
[PlyCount "125"]
[EventDate "2017.12.28"]
[EventType "swiss"]
[EventRounds "9"]
[EventCountry "ENG"]
[SourceTitle "CBM 182 Extra"]
[Source "ChessBase"]
[SourceDate "2018.02.23"]
[SourceVersion "1"]
[SourceVersionDate "2018.02.23"]
[SourceQuality "1"]

1. d4 d6 2. Nc3 Nf6 3. g3 g6 4. Bg2 Bg7 5. Nf3 Nbd7 6. e4 e5 7. dxe5 dxe5 8. 0-0 0-0 9. Qe2 c6 10. b3 Qa5 11. Bb2 b5 12. Rfd1 b4 13. Na4 Re8 14. c3 c5 15. Qe1 Rb8 16. Nd2 Ba6 17. Bf1 Bxf1 18. Qxf1 Qc7 19. Qc4 Qc8 20. f3 h5 21. cxb4 Rxb4 22. Qc2 h4 23. Nc4 Qc6 24. Bc3 Rbb8 25. Rd6 Qc8 26. Rad1 Bf8 27. R6d3 Rb7 28. Qd2 Kh7 29. Qg5 hxg3 30. hxg3 Nh5 31. Qg4 Re6 32. Qh3 Kg8 33. Kf2 Qe8 34. Nd6 Bxd6 35. Rxd6 Rxd6 36. Rxd6 Qe7 37. Rc6 Ng7 38. Rc8+ Ne8 39. Qh4 f6 40. Qh6 Nf8 41. Nxc5 Rc7 42. Rxc7 Qxc7 43. Qxf8+ Kxf8 44. Ne6+ Ke7 45. Nxc7 Nxc7 46. Ke3 Nb5 47. Kd3 Ke6 48. a4 Nd6 49. Bb4 Nb7 50. Bd2 f5 51. b4 a6 52. Be3 Nd6 53. Bc5 fxe4+ 54. fxe4 Nf7 55. b5 axb5 56. axb5 Nd8 57. Kc4 Nb7 58. Bb4 g5 59. g4 Kd7 60. Kd5 Kc7 61. Kxe5 Kb6 62. Be7 Kxb5 63. Kd5 1-0